000
00318nam a22001457a 4500
008
210604b ||||| |||| 00| 0 eng d
020
_a
2901449646751
041
_a
eng
080
_2
5th
_a
311
082
_a
311
100
_a
55
101
_a
STA
245
_a
C++ Plus Data Structures
_c
Nell Dale
942
_2
udc
_c
BK
999
_c
57978
_d
57978